000 01945nam a2200505 i 4500
001 14869
003 KOSZ 005
005 20200624083937.0
008 200406s1971 pl a f 100 0 pol
015 _aPB 1972/9886
035 _a991035709739705066
035 _a(PL-WaBN)b19603095-48omnis_nlop
035 _ab19603095
035 _a(OCoLC)839112188
035 _a(PL)b0000001960309
035 _a(EXLNZ-48OMNIS_NETWORK)9910503209005606
040 _aWA N
_cWA N
_dKOSZ 005/RW
046 _k1972
080 _a004.42
080 _a004.414.2
080 _a004-049.8
245 0 0 _aProjektowanie maszyn i systemów cyfrowych : materiały z Ogólnopolskiego Sympozjum, Warszawa, 2-5 czerwca 1971 r. /
_c[redaktor Antoni Michalski] ; Centrum Obliczeniowe Polskiej Akademii Nauk.
260 _aWarszawa :
_bPaństwowe Wydawnictwo Naukowe,
_c1972.
300 _a408 stron, [1] karta tablic :
_bilustracje ;
_c24 cm.
336 _aTekst
_btxt
_2rdacontent
337 _aBez urządzenia pośredniczącego
_bn
_2rdamedia
338 _aWolumin
_bnc
_2rdacarrier
380 _aKsiążki
380 _aPublikacje naukowe
388 _a1901-2000
388 _a1945-1989
504 _aBibliografia przy pracach.
521 8 _aKsiążka przeznaczona jest dla specjalistów z zakresu informatyki zajmujących się teorią i praktyką projektowania maszyn i systemów cyfrowych.
650 7 _aKomputery
_2DBN
650 7 _aProjekty
650 7 _aProgramowanie (informatyka)
_2DBN
655 7 _aMateriały konferencyjne
_2DBN
658 _aInżynieria i technika
658 _aInformatyka i technologie informacyjne
700 1 _aMichalski, Antoni
_c(informatyk)
_eRedakcja
710 2 _aPaństwowe Wydawnictwo Naukowe
_4pbl
856 _uhttp://koha.tu.koszalin.pl/cgi-bin/koha/opac-detail.pl?biblionumber=14869
_yKatalog online BPK
942 _2UKD
_cKS
999 _c14869
_d14869